| 000 | 00471nam a22001697a 4500 | ||
|---|---|---|---|
| 999 |
_c60659 _d60659 |
||
| 005 | 20231004103952.0 | ||
| 008 | 231004s1966 enk||||| |||| 00| 0 eng d | ||
| 041 | _aeng | ||
| 080 | _a94 (394) A-82 | ||
| 100 |
_a Assa ad, K. _919988 |
||
| 245 |
_aWelcome to Palmyra / _cK. Assa' ad, O. Taha. |
||
| 264 |
_aDamascus, _c1966. |
||
| 300 |
_a112 p. : _bill. ; _c17 cm. |
||
| 653 | _aპალმირა | ||
| 700 |
_aTaha, O. _eავტორი _919989 |
||
| 942 |
_2udc _cBK |
||